000 00763cab a2200205 4500
001 ##L132414
008 060206n2006 000 0 eng u
035 _a(Sirsi) u132414
041 0 _aeng
100 1 _aTaylor, Andrew
245 0 0 _aFocus 2
_bKent
260 _c2006
490 0 _aEstates Gazette
_v(0604) 28 January 2006, 103-119(7)
520 _aCovers the controversial Turner Contemporary art centre in Margate and reports on speculative starts on office schemes in east Kent and industrial projects across the county as occupiers hunt for cheaper locations further from the M25.
590 _aIKA140206
690 _aPROPERTY-COMMERCIAL PROPERTY-COMMERCIAL PROPERTY MARKET
700 1 _aJack, Simon
700 1 _aCunningham, Daniel
942 _n0
999 _c76428
_d76428